Statistics for Musical Acts by Country #2

Click here to take the quiz!

General Stats

  • This quiz has been taken 17,496 times
  • The average score is 12 of 20

Answer Stats

Musician or GroupCountry% Correct
Justin BieberCanada
96%
OasisUnited Kingdom
92%
Jimi HendrixUnited States
92%
PSYSouth Korea
87%
Kylie MinogueAustralia
82%
Pyotr TchaikovskyRussia
81%
Antonio VivaldiItaly
73%
RihannaBarbados
69%
Placido DomingoSpain
64%
Daft PunkFrance
61%
LordeNew Zealand
58%
João GilbertoBrazil
57%
AviciiSweden
56%
EnyaIreland
49%
Wyclef JeanHaiti
42%
LenaGermany
39%
Béla BartókHungary
37%
StromaeBelgium
29%
Baha MenBahamas
27%
AfrojackNetherlands
16%

Score Distribution

Percentile by Number Answered

Percent of People with Each Score

Your Score History

You have not taken this quiz